000 00703nam a2200181Ia 4500
003 GCL
008 140319s9999 xx 000 0 ara d
040 _aGCL /
_cGCL
082 0 4 _aق
_b962.048
_bم د
100 1 _aمحمد انيس
245 1 0 _aدراسات فى وثائق ثورة 1919 : الجزء الاول - المراسلات بين سعد زغلول وعبدالرحمن فهمى /
_cمحمد انيس
260 _aالقاهرة :
_bمكتبة الانجلوالمصرية ،
_c1963
300 _a320 ص ؛
_c24 سم
650 0 4 _aسعد زغلول
650 0 4 _aعبدالرحمن فهمى
650 0 4 _aمصر - تاريخ - العصر الحديث - ثورة 1919
942 _2ddc
_cBK
999 _c44692
_d44692